000 01915nam a2200385 c 4500
003 BLK
005 20240610161131.0
008 180408b bul|||||r ||||||| ||bul||
010 _aKNG00083812000
020 _a978-954-527-403-9
_bиздат.: Дамян Яков
040 _aBLK
041 _aBUL
_cBUL
080 _aБългарски език в основното училище. Методика на обучението
_b373.3.016:811.163.2
_x(079)(075.2)
_z373.3.016:811.163.2(079)(075.2)
080 _aБългарска литература в основното училище. Методика на обучението
_b373.3.016:821.163.2
_x(079)(075.2)
_z373.3.016:821.163.2(079)(075.2)
100 1 _aДимитрова, Веселина Петрова
_eпърви автор
_9285818
139 _aДимитрова, Веселина Петрова
_bД 58
245 1 0 _aТестове по български език и литература за кандидатстване след VІІ клас 2
_b500 задачи в 10 теста
_cВеселина Петрова Димитрова.
257 _aBGR
260 София
_bДамян Яков
_c2008
_fВ. Търново : Абагар
300 _a120 с.
_c20 см
380 _a3
500 _aОфс. изд.
650 4 _aБългарски език - тестове и задачи - учебници за основни училища
_9256979
650 4 _aБългарска литература - тестове - учебници за училища
_9265354
653 _aбългарски език
653 _aбългарска литература
653 _aтестове
653 _aVІІ кл.
852 _aЦб 239995
856 4 _qpdf
_u
856 4 _qpdf
_u
942 _cKNG
_n0
_02
944 _aCR
_c19.05.2008
_k30551
_lБояна Костадинова
944 _aED
_c04.02.2010
_k
999 _c79338
_d79338